000 00261nam a22001217a 4500
003 SGT
082 _a615
_bTHA
100 _aTHAKARE, DR. C.
245 _aHOSPITAL AND CLINICAL PHARMACY
260 _aINDIA
_bS. VIKASH
_c222
300 _a120
942 _2ddc
_cBK
999 _c32502
_d32502